La hoz

Saved in:
Bibliografiske detaljer
Hovedforfatter: Narvarte, Cástor (autor)
Format: Bog
Sprog:spansk
Udgivet: Santiago Nascimento 1962
Fag:
Tags: Tilføj Tag
Ingen Tags, Vær først til at tagge denne postø!

MARC

LEADER 00000nam a2200000 a 4500
001 UCQ6331
003 CL-VaPUC
008 981009e19620000CL |||||||||||||||||spa|d
082 0 4 |a Ch863  |b NAR  |2 21 
100 |a Narvarte, Cástor  |e autor  |9 420202 
245 1 3 |a La hoz 
300 |a 320 p 
942 |c BK 
945 |d 19981009 00:00:00  |a crobeson 
260 |a Santiago  |b Nascimento  |c 1962 
650 0 |a Novelas chilenas   |9 265425 
650 0 |a Literatura chilena   |9 308278 
583 |a last modification  |c 19981009 00:00:00  |k Rodrigo Vera 
999 |c 276328  |d 276326 
952 |0 0  |1 0  |4 0  |6 CH_863_000000000000000_NAR_1962  |7 0  |8 A  |9 313512  |a BIBEDU  |b BIBEDU  |d 2019-11-20  |i 1481304  |o Ch863 NAR 1962  |p 1481304  |r 2019-11-20  |w 2019-11-20  |y BK  |k LIT